|
|
|
|
| LEADER |
01496nam a22004572i 4500 |
| 001 |
001550687 |
| 003 |
CZ BrMZK |
| 005 |
20170320090408.0 |
| 007 |
ta |
| 008 |
161103s1980 xr er||||||||||bcze d |
| 040 |
|
|
|a BOA001
|b cze
|e rda
|
| 041 |
0 |
|
|a cze
|b eng
|b ger
|b rus
|
| 043 |
|
|
|a e-xr---
|
| 045 |
|
|
|a x4y0
|
| 072 |
|
7 |
|a 78.07
|x Hudebníci, skladatelé a jiná hudební povolání
|2 Konspekt
|9 9
|
| 072 |
|
7 |
|a 929
|x Biografie
|2 Konspekt
|9 8
|
| 080 |
|
|
|a 78.071.1
|2 MRF
|
| 080 |
|
|
|a 929
|2 MRF
|
| 080 |
|
|
|a 78
|2 MRF
|
| 080 |
|
|
|a (437.3)
|2 MRF
|
| 080 |
|
|
|a (092)
|2 MRF
|
| 080 |
|
|
|a (041)
|2 MRF
|
| 100 |
1 |
|
|a Slavický, Milan,
|d 1947-2009
|7 jk01111815
|4 art
|
| 245 |
1 |
0 |
|a Milan Slavický
|
| 264 |
|
1 |
|a Praha :
|b Hudební informační středisko ČHF,
|c 1980
|
| 300 |
|
|
|a 8 stran
|
| 336 |
|
|
|a text
|b txt
|2 rdacontent
|
| 337 |
|
|
|a bez média
|b n
|2 rdamedia
|
| 338 |
|
|
|a svazek
|b nc
|2 rdacarrier
|
| 546 |
|
|
|a Text též německý, anglický a ruský
|
| 600 |
1 |
7 |
|a Slavický, Milan,
|d 1947-2009
|7 jk01111815
|2 czenas
|
| 648 |
|
4 |
|a 1947-2009
|
| 648 |
|
7 |
|a 20.-21. století
|7 ch462155
|2 czenas
|
| 650 |
0 |
7 |
|a hudební skladatelé
|7 ph120923
|z Česko
|y 20.-21. století
|2 czenas
|
| 650 |
0 |
7 |
|a hudba
|7 ph114719
|z Česko
|y 20.-21. století
|2 czenas
|
| 655 |
|
7 |
|a biografie
|7 fd131909
|2 czenas
|
| 655 |
|
7 |
|a brožury
|7 fd131925
|2 czenas
|
| 910 |
|
|
|a BOA001
|b X-0832.077
|
| 990 |
|
|
|a BK
|
| 991 |
|
|
|b 201610
|
| 996 |
6 |
|
|b 2619178027
|c X-0832.077
|l MZK
|r Sklad / do 24 hodin
|n 0
|w 001586009
|u 000010
|a 1
|e BOA001
|j MZK50
|s P
|